Реализация социальной политики на региональном уровне; Актуальные проблемы гуманитарных наук

Bibliographic Details
Parent link:Актуальные проблемы гуманитарных наук.— 2011.— [С. 212-217]
Main Author: Хилов М. И.
Summary:Заглавие с титульного листа
Language:Russian
Published: 2011
Series:Управление человеческими ресурсами
Subjects:
Online Access:http://www.lib.tpu.ru/fulltext/c/2011/C20/099.pdf
Format: MixedMaterials Electronic Book Chapter
KOHA link:https://koha.lib.tpu.ru/cgi-bin/koha/opac-detail.pl?biblionumber=236717

MARC

LEADER 00000naa2a2200000 4500
001 236717
005 20260420145919.0
035 |a (RuTPU)RU\TPU\book\257883 
035 |a RU\TPU\book\257881 
090 |a 236717 
100 |a 20130429d2011 k y0rusy50 ca 
101 0 |a rus 
102 |a RU 
135 |a drnn ---uucaa 
181 0 |a i  
182 0 |a b 
200 1 |a Реализация социальной политики на региональном уровне  |f М. И. Хилов 
203 |a Текст  |c электронный 
215 |a 1 файл (230 Кб) 
225 1 |a Управление человеческими ресурсами 
300 |a Заглавие с титульного листа 
320 |a [Библиогр.: с. 217 (11 назв.)] 
337 |a Adobe Reader 
463 1 |0 (RuTPU)RU\TPU\book\256720  |t Актуальные проблемы гуманитарных наук  |o сборник научных трудов студентов, аспирантов и молодых ученых 21-22 апреля 2011 г., Томск  |f Национальный исследовательский Томский политехнический университет (ТПУ)   |v [С. 212-217]  |d 2011 
610 1 |a труды учёных ТПУ 
610 1 |a электронный ресурс 
610 1 |a социальная политика 
610 1 |a региональный уровень 
610 1 |a эффективность 
700 1 |a Хилов  |b М. И. 
801 2 |a RU  |b 63413507  |c 20130429  |g RCR 
856 4 |u http://www.lib.tpu.ru/fulltext/c/2011/C20/099.pdf 
942 |c CF